000
00330nam a22001217a 4500
003
SGT
082
_a
301
_b
L24P
100
_a
पंकज, अशोक
245
_a
लोहिया के सपनो का भारत
260
_b
लोकभारती प्रकाशन
_c
2024
300
_a
199
942
_2
ddc
_c
BK
999
_c
32067
_d
32067